[Event "Championnats de la Loire jeunes 2011 - P"]
[Site "Roanne"]
[Date "2011.10.22"]
[Round "1.1"]
[White "Jandeau, Kelvin"]
[Black "Amaranto, Arthur"]
[Result "1-0"]
[WhiteElo "1099"]
[BlackElo "1260"]
[PlyCount "81"]
[EventDate "2011.??.??"]

1. e4 e5 2. Nf3 Nf6 3. Nc3 Nc6 4. Bc4 d6 5. d3 Be7 6. O-O O-O 7. Be3 Nd4 8.
Nxd4 exd4 9. Bxd4 Bg4 10. Qd2 c6 11. Bxf6 Bxf6 12. h3 Bxc3 13. Qxc3 d5 14. hxg4
dxc4 15. dxc4 Re8 16. Rfe1 Re6 17. Re2 Rf6 18. Rae1 Qb6 19. e5 Rg6 20. e6 Rf8
21. e7 Re8 22. Kf1 c5 23. f3 Re6 24. Rxe6 fxe6 25. Re5 Rxe7 26. Rg5 Qd6 27. Qe1
Rf7 28. Re5 Rf6 29. g5 Rf8 30. Rxe6 Qd8 31. Re7 Re8 32. Rxe8+ Kf7 33. Rxd8 Kg6
34. Qe4+ Kxg5 35. Rd5+ Kh6 36. Rd6+ Kg5 37. Qe5+ Kh4 38. g3+ Kh3 39. Qh5+ Kxg3
40. Qg4+ Kh2 41. Qg2# 1-0

[Event "Championnats de la Loire jeunes 2011 - P"]
[Site "Roanne"]
[Date "2011.10.22"]
[Round "1.2"]
[White "Langle, Axelle"]
[Black "Labrosse, Enzo"]
[Result "1-0"]
[WhiteElo "1230"]
[BlackElo "1099"]
[PlyCount "61"]
[EventDate "2011.??.??"]

1. c4 e5 2. Nc3 Bb4 3. Nd5 a5 4. g3 Nf6 5. Bg2 c6 6. Nxf6+ gxf6 7. Nf3 O-O 8.
O-O d5 9. cxd5 cxd5 10. d3 Bg4 11. a3 Bc5 12. Bd2 Bxf3 13. Bxf3 Nc6 14. Rc1 Be7
15. Bg2 e4 16. dxe4 dxe4 17. Bxe4 Qd4 18. Bg2 Qxb2 19. Ra1 Bxa3 20. Rb1 Qe5 21.
Qa4 Qe7 22. Qg4+ Kh8 23. Bh6 Rg8 24. Qf3 Nd4 25. Qd3 Nxe2+ 26. Kh1 Rad8 27. Qf5
Rg6 28. Be3 Rg5 29. Bxg5 fxg5 30. Be4 Re8 31. Qxh7# 1-0

[Event "Championnats de la Loire jeunes 2011 - P"]
[Site "Roanne"]
[Date "2011.10.22"]
[Round "1.3"]
[White "Lempereur, Theo"]
[Black "Avetikyan, Samuel"]
[Result "0-1"]
[WhiteElo "1099"]
[BlackElo "1099"]
[PlyCount "108"]
[EventDate "2011.??.??"]

1. e4 e5 2. Nf3 Nc6 3. Nc3 Nf6 4. Bb5 a6 5. Bxc6 bxc6 6. O-O Bb4 7. d3 O-O 8.
Bg5 h6 9. Nxe5 hxg5 10. Qf3 Bxc3 11. bxc3 d6 12. Nxc6 Bg4 13. Qg3 Qd7 14. Nd4
c5 15. Nb3 Rac8 16. Na5 Qc7 17. Nc4 Rfd8 18. Rad1 Qc6 19. f3 d5 20. fxg4 dxc4
21. d4 Nxe4 22. Qe3 Rb8 23. a3 Rb2 24. Rc1 Ra2 25. Rf5 Rxa3 26. dxc5 Rxc3 27.
Qd4 Rxd4 28. Re5 a5 29. Rb1 Qc8 30. Rb6 Qb8 31. Rxb8+ Kh7 32. h4 a4 33. Ree8 g6
34. Rh8+ Kg7 35. Rbg8+ Kf6 36. h5 a3 37. Rh6 a2 38. hxg6 fxg6 39. Rhxg6+ Ke5
40. Re8+ Kf4 41. Rf8+ Kg3 42. Ra6 Rxc2 43. Ra3+ Rd3 44. Rxd3+ cxd3 45. Rf3+
Kxg4 46. Kh2 Rc1 47. Re3 Kf4 48. Rf3+ Kg4 49. Re3 Kf4 50. Rh3 a1=Q 51. g3+ Kf3
52. g4+ Kxg4 53. Re3 Qa2+ 54. Re2 Qxe2# 0-1

[Event "Championnats de la Loire jeunes 2011 - P"]
[Site "Roanne"]
[Date "2011.10.22"]
[Round "1.4"]
[White "Barret, Hugo"]
[Black "Malchere, Lenny"]
[Result "1-0"]
[WhiteElo "1099"]
[BlackElo "1099"]
[PlyCount "73"]
[EventDate "2011.??.??"]

1. e4 e5 2. Nf3 Nf6 3. Nc3 Nc6 4. Bc4 Bb4 5. a3 Bxc3 6. bxc3 Nxe4 7. d3 Nxc3 8.
Qd2 Na4 9. O-O O-O 10. Qe1 Nb6 11. Bg5 Ne7 12. Bb3 Qe8 13. Nxe5 Nc6 14. f4 a5
15. Rd1 a4 16. Ba2 Ra5 17. d4 Rb5 18. c4 Rb2 19. Ra1 Nxd4 20. c5 Re2 21. Qd1
Nd5 22. Bxd5 c6 23. Bc4 b5 24. Bxe2 Qe6 25. Qxd4 d5 26. h3 Qf5 27. Bd3 Qe6 28.
f5 Qe8 29. Rf4 Bd7 30. h4 h6 31. g3 hxg5 32. hxg5 Qc8 33. Ra2 Rd8 34. Rh4 Kf8
35. Nf3 Bxf5 36. Qe5 Bxd3 37. Rh8# 1-0

[Event "Championnats de la Loire jeunes 2011 - P"]
[Site "Roanne"]
[Date "2011.10.22"]
[Round "1.5"]
[White "Millet, Guillaume"]
[Black "Granier, Thomas"]
[Result "1-0"]
[WhiteElo "1099"]
[BlackElo "1099"]
[PlyCount "39"]
[EventDate "2011.??.??"]

1. e4 Nf6 2. Nc3 Nxe4 3. Nxe4 g6 4. Nf3 Bh6 5. Ne5 a5 6. Bc4 Nc6 7. Nxf7 Nd4 8.
Nxd8 Kxd8 9. c3 d5 10. Bxd5 Ra6 11. cxd4 Rd6 12. Nxd6 exd6 13. O-O Ke8 14. Re1+
Kd8 15. Be6 Bxe6 16. Rxe6 Kc8 17. Re7 Kb8 18. Qc2 Ka7 19. Qxc7 Ra8 20. Qxb7#
1-0

[Event "Championnats de la Loire jeunes 2011 - P"]
[Site "Roanne"]
[Date "2011.10.22"]
[Round "1.6"]
[White "Grischy, Quentin"]
[Black "Poyet, Louis"]
[Result "0-1"]
[WhiteElo "1099"]
[BlackElo "1099"]
[PlyCount "82"]
[EventDate "2011.??.??"]

1. d4 d5 2. Nf3 Nc6 3. Bf4 Bf5 4. e3 a6 5. Nh4 Be4 6. Nc3 Nf6 7. Nxe4 dxe4 8.
Bc4 h6 9. O-O g5 10. d5 Nb4 11. Qd2 Nxc2 12. Qc3 Nxa1 13. Bxc7 Qxc7 14. Bb5+
axb5 15. Qxc7 gxh4 16. Rxa1 Bg7 17. Qxb7 O-O 18. Qxb5 Rab8 19. Qe2 Nxd5 20. Rd1
Rbd8 21. Qh5 e6 22. Qxh4 Rb8 23. Qg3 Rxb2 24. h3 Nc3 25. Qg4 Nxd1 26. Qxd1 Rxa2
27. Qb3 Ra1+ 28. Kh2 Rf1 29. Qb5 Rxf2 30. h4 Bf6 31. Kg3 Bxh4+ 32. Kxh4 Rxg2
33. Qf1 Rg5 34. Qf4 f6 35. Qd6 Re8 36. Qh2 h5 37. Qe2 Rg4+ 38. Kxh5 Rg5+ 39.
Kh4 Kg7 40. Kh3 Rh8+ 41. Qh5 Rhxh5# 0-1

[Event "Championnats de la Loire jeunes 2011 - P"]
[Site "Roanne"]
[Date "2011.10.22"]
[Round "1.7"]
[White "Riviere, Romain"]
[Black "Guillermin, Jules"]
[Result "1-0"]
[WhiteElo "1099"]
[BlackElo "1099"]
[PlyCount "45"]
[EventDate "2011.??.??"]

1. e4 e5 2. Nf3 Nf6 3. Nc3 Bb4 4. a3 Bc5 5. d3 O-O 6. d4 Be7 7. Bb5 exd4 8. Ng5
dxc3 9. bxc3 Nh5 10. Bxd7 Bxd7 11. Qxh5 Bxg5 12. h4 Bxc1 13. Rxc1 Bc6 14. Rd1
Bd7 15. Rh2 Re8 16. e5 Re6 17. Rh3 Qe8 18. Rg3 Rxe5+ 19. Kf1 Rxh5 20. Rd4 Qe5
21. Rdg4 Rh6 22. Rxg7+ Kh8 23. Rg8# 1-0

[Event "Championnats de la Loire jeunes 2011 - P"]
[Site "Roanne"]
[Date "2011.10.22"]
[Round "2.1"]
[White "Millet, Guillaume"]
[Black "Langle, Axelle"]
[Result "0-1"]
[WhiteElo "1099"]
[BlackElo "1230"]
[PlyCount "78"]
[EventDate "2011.??.??"]

1. e4 c5 2. Nf3 Nc6 3. Nc3 g6 4. Bb5 Nd4 5. Nxd4 cxd4 6. Ne2 Bg7 7. Nf4 Nf6 8.
e5 Ne4 9. O-O O-O 10. d3 Nc5 11. b4 Na6 12. Nd5 Bxe5 13. Re1 Bg7 14. Bf4 d6 15.
Nxe7+ Kh8 16. Nxc8 Rxc8 17. Qg4 Nxb4 18. Rec1 Nd5 19. Bd7 Rc7 20. Ba4 Nf6 21.
Qe2 Re7 22. Qf1 a6 23. Bc6 bxc6 24. Bg5 Re5 25. Bxf6 Bxf6 26. Rab1 Rb5 27. Ra1
Bg7 28. Qe2 Re8 29. Qf1 Rf8 30. c4 dxc3 31. a4 Rg5 32. Rab1 c5 33. Rb3 Qa8 34.
Rcb1 c2 35. Rc1 Kg8 36. Rxc2 a5 37. Rcb2 Bxb2 38. Rxb2 Re8 39. Qc1 Qxg2# 0-1

[Event "Championnats de la Loire jeunes 2011 - P"]
[Site "Roanne"]
[Date "2011.10.22"]
[Round "2.2"]
[White "Avetikyan, Samuel"]
[Black "Riviere, Romain"]
[Result "1-0"]
[WhiteElo "1099"]
[BlackElo "1099"]
[PlyCount "27"]
[EventDate "2011.??.??"]

1. e4 e5 2. Nf3 Nc6 3. Nc3 Nf6 4. Bc4 g5 5. Nxg5 h6 6. Nxf7 Rh7 7. Nxd8 Kxd8 8.
O-O Rg7 9. Qf3 Bd6 10. Qxf6+ Re7 11. Nd5 Ke8 12. Qg6+ Kf8 13. Nf6 Rg7 14. Qe8#
1-0

[Event "Championnats de la Loire jeunes 2011 - P"]
[Site "Roanne"]
[Date "2011.10.22"]
[Round "2.3"]
[White "Poyet, Louis"]
[Black "Barret, Hugo"]
[Result "1-0"]
[WhiteElo "1099"]
[BlackElo "1099"]
[PlyCount "125"]
[EventDate "2011.??.??"]

1. e4 e5 2. Nf3 Nc6 3. Bc4 Nf6 4. Ng5 Bc5 5. O-O O-O 6. Bxf7+ Rxf7 7. Nxf7 Kxf7
8. Nc3 d6 9. h3 Qe7 10. d3 Kg8 11. Bg5 Qe8 12. Bxf6 gxf6 13. Qg4+ Kf7 14. Qh5+
Ke6 15. Qxe8+ Ne7 16. Qh5 d5 17. Qg4+ f5 18. Qg8+ Nxg8 19. Rad1 f4 20. exd5+
Kd6 21. Rfe1 a6 22. Re4 Bd4 23. Rde1 Nf6 24. R4e2 a5 25. Nb5+ Kd7 26. c3 Bc5
27. Rxe5 c6 28. d6 cxb5 29. Rf5 Bxd6 30. Rxf6 Be7 31. Rf7 Ke8 32. Rxh7 Bf5 33.
Rh4 Bg6 34. Rh8+ Kd7 35. Rxa8 b4 36. Rxa5 b6 37. Rb5 Bxd3 38. Rxb4 Bxb4 39.
cxb4 b5 40. Rd1 Ke6 41. Rxd3 Ke5 42. f3 Kf5 43. Kh2 Kg5 44. g3 fxg3+ 45. Kxg3
Kf5 46. Rd4 Ke5 47. Rg4 Kd5 48. a4 bxa4 49. Kf2 Kc6 50. Rg5 a3 51. bxa3 Kd6 52.
Ke3 Ke6 53. Kd4 Kf6 54. Rb5 Ke6 55. Ra5 Kd6 56. Ra6+ Ke7 57. Kd5 Kf7 58. Ke5
Kg7 59. Kf5 Kf7 60. Ra7+ Kg8 61. Kf6 Kh8 62. Kg6 Kg8 63. Ra8# 1-0

[Event "Championnats de la Loire jeunes 2011 - P"]
[Site "Roanne"]
[Date "2011.10.22"]
[Round "2.4"]
[White "Thizy, Nicolas"]
[Black "Jandeau, Kelvin"]
[Result "1-0"]
[WhiteElo "1099"]
[BlackElo "1099"]
[PlyCount "73"]
[EventDate "2011.??.??"]

1. e4 e5 2. Nf3 Nc6 3. Nc3 Nf6 4. d3 d6 5. Bg5 Be6 6. Bxf6 Qxf6 7. Be2 Be7 8.
O-O O-O 9. Nd5 Bxd5 10. exd5 Nd4 11. Nxd4 exd4 12. Qd2 h6 13. Qb4 a5 14. Qxb7
Rac8 15. Rfe1 Qf5 16. Bf3 Bg5 17. Qa7 Bd2 18. Red1 Qf4 19. Bg4 Qxg4 20. Rxd2
Qf4 21. Re2 Qg4 22. f3 Ra8 23. Qxc7 Qf4 24. Rae1 Rac8 25. Qxa5 Rfe8 26. Rxe8+
Rxe8 27. Rxe8+ Kh7 28. Kf2 Qxh2 29. Qb4 Kg6 30. Qxd4 f5 31. a4 Qh1 32. a5 Qa1
33. Re6+ Kh7 34. Re7 Kg6 35. Qxg7+ Kh5 36. g4+ Kh4 37. Qxh6# 1-0

[Event "Championnats de la Loire jeunes 2011 - P"]
[Site "Roanne"]
[Date "2011.10.22"]
[Round "2.5"]
[White "Amaranto, Arthur"]
[Black "Guillermin, Jules"]
[Result "0-1"]
[WhiteElo "1260"]
[BlackElo "1099"]
[PlyCount "100"]
[EventDate "2011.??.??"]

1. e4 e5 2. Bc4 Nh6 3. Nf3 Bc5 4. Nxe5 O-O 5. O-O d5 6. exd5 Bf5 7. d4 Bd6 8.
Qf3 Bxe5 9. dxe5 Nd7 10. Qg3 Nxe5 11. Bxh6 Ng6 12. Bg5 Qd6 13. Qf4 Nxf4 14.
Bxf4 Qxf4 15. Nc3 Qxc4 16. Rfe1 Qd4 17. Re3 Rad8 18. Rg3 Bxc2 19. Ne2 Bd1 20.
Nxd4 Rxd5 21. Rxd1 Rfd8 22. Rgd3 h5 23. Nf5 Rxd3 24. Re1 Rd1 25. Kf1 R8d2 26.
Ne3 Rxe1+ 27. Kxe1 Rd8 28. Nf5 g6 29. Ne7+ Kf8 30. Nxg6+ fxg6 31. f3 Rd5 32. g4
hxg4 33. fxg4 Ra5 34. a3 b5 35. Kf2 Ra4 36. Kg3 Re4 37. h4 b4 38. h5 bxa3 39.
bxa3 Kg8 40. Kh4 a5 41. Kg5 Re3 42. Kxg6 Rxa3 43. h6 Rg3 44. h7+ Kh8 45. g5 a4
46. Kh6 a3 47. g6 a2 48. g7+ Rxg7 49. Kh5 a1=Q 50. Kh6 Qh1# 0-1

[Event "Championnats de la Loire jeunes 2011 - P"]
[Site "Roanne"]
[Date "2011.10.22"]
[Round "2.6"]
[White "Granier, Thomas"]
[Black "Lempereur, Theo"]
[Result "0-1"]
[WhiteElo "1099"]
[BlackElo "1099"]
[PlyCount "32"]
[EventDate "2011.??.??"]

1. g4 e5 2. Nf3 Nc6 3. Rg1 Bc5 4. Rg3 d5 5. Nxe5 Nxe5 6. Bh3 Nf6 7. Rf3 Nxf3+
8. exf3 h5 9. f4 hxg4 10. Bxg4 Nxg4 11. Qe2+ Kf8 12. Qxg4 Bxg4 13. f3 Bxf3 14.
d3 Qe7+ 15. Be3 Qxe3+ 16. Kf1 Qf2# 0-1

[Event "Championnats de la Loire jeunes 2011 - P"]
[Site "Roanne"]
[Date "2011.10.22"]
[Round "2.7"]
[White "Labrosse, Enzo"]
[Black "Grischy, Quentin"]
[Result "0-1"]
[WhiteElo "1099"]
[BlackElo "1099"]
[PlyCount "114"]
[EventDate "2011.??.??"]

1. e4 c5 2. Nf3 Nc6 3. Bb5 Qb6 4. Bxc6 Qxc6 5. d3 d6 6. O-O Bg4 7. h3 Bxf3 8.
gxf3 e6 9. Qe1 d5 10. Nc3 O-O-O 11. Bg5 f6 12. Be3 d4 13. Bf4 e5 14. Bh2 dxc3
15. Qxc3 Bd6 16. Qa5 Rd7 17. Qxa7 b5 18. Qa3 c4 19. Qa5 cxd3 20. cxd3 Qb7 21.
Rac1+ Bc7 22. Qb4 Rd4 23. Qd2 Kd8 24. Qc3 Bb6 25. Rfe1 Ne7 26. h4 f5 27. Bxe5
Rd7 28. Bxg7 Rg8 29. Kf1 Nc8 30. Red1 Rgxg7 31. exf5 Rc7 32. Qe5 Rxc1 33. Rxc1
Re7 34. Qxb5 Rc7 35. Rxc7 Qxc7 36. f6 Qc1+ 37. Kg2 Qc2 38. Kg3 Qxf2+ 39. Kf4
Qxh4+ 40. Ke5 Qh5+ 41. Ke6 Qxb5 42. f7 Qb4 43. a3 Qf8 44. b4 Nd6 45. a4 Qxf7+
46. Kxd6 Ba5 47. bxa5 Qa7 48. Kd5 Qxa5+ 49. Kd6 Qxa4 50. Ke5 Ke7 51. d4 h5 52.
Kf4 Qxd4+ 53. Kg3 Qf6 54. Kg2 Qf4 55. Kf2 h4 56. Kg2 Kf6 57. Kh3 Qg3# 0-1

[Event "Championnats de la Loire jeunes 2011 - P"]
[Site "Roanne"]
[Date "2011.10.22"]
[Round "3.1"]
[White "Langle, Axelle"]
[Black "Poyet, Louis"]
[Result "1-0"]
[WhiteElo "1230"]
[BlackElo "1099"]
[PlyCount "67"]
[EventDate "2011.??.??"]

1. c4 e5 2. Nc3 Nc6 3. g3 Nf6 4. Bg2 Bc5 5. Nf3 O-O 6. O-O d6 7. d3 Be6 8. Bd2
Qe7 9. Rc1 Rad8 10. Qb3 b6 11. Ng5 Bg4 12. Bxc6 Bxe2 13. Nxe2 Ng4 14. Bg2 Bxf2+
15. Kh1 Be3 16. Ne4 Bxd2 17. Nxd2 Qg5 18. Nf3 Qe3 19. Rce1 Nf2+ 20. Kg1 Ng4+
21. Kh1 Qd2 22. Nxd2 Ne3 23. Rf3 Nxg2 24. Kxg2 c5 25. d4 cxd4 26. Ng1 e4 27.
Nxe4 h6 28. Qd3 f5 29. Nd2 g6 30. Qxd4 Rd7 31. Nh3 Rdd8 32. Nf4 Rd7 33. Nxg6
Rff7 34. Qh8# 1-0

[Event "Championnats de la Loire jeunes 2011 - P"]
[Site "Roanne"]
[Date "2011.10.22"]
[Round "3.2"]
[White "Avetikyan, Samuel"]
[Black "Thizy, Nicolas"]
[Result "0-1"]
[WhiteElo "1099"]
[BlackElo "1099"]
[PlyCount "94"]
[EventDate "2011.??.??"]

1. e4 e5 2. Nf3 Nc6 3. Nc3 Nf6 4. Bc4 Bb4 5. d3 Bxc3+ 6. bxc3 O-O 7. Bg5 d6 8.
O-O Bg4 9. h3 Bxf3 10. Qxf3 Na5 11. Bxf6 Qxf6 12. Qxf6 gxf6 13. Rab1 Nxc4 14.
dxc4 b6 15. a4 Kh8 16. Rfe1 Rg8 17. Re3 Kg7 18. Rg3+ Kh6 19. Rxg8 Rxg8 20. a5
bxa5 21. Rb7 Kg5 22. Rxc7 Kf4 23. f3 Ke3 24. Rxf7 Kd2 25. Rd7 Kxc2 26. Rxd6
Kxc3 27. c5 a4 28. Rd1 Kb4 29. Rc1 Rc8 30. c6 a3 31. Kf2 Kb3 32. Ke2 Kb2 33.
Kd2 a2 34. Rc2+ Kb1 35. Rc1+ Kb2 36. Rc2+ Ka3 37. Rc1 Rxc6 38. Ra1 Kb2 39.
Rxa2+ Kxa2 40. Ke2 Rc2+ 41. Kf1 a5 42. g3 a4 43. Ke1 Kb2 44. f4 exf4 45. gxf4
a3 46. e5 a2 47. Kd1 a1=Q# 0-1

[Event "Championnats de la Loire jeunes 2011 - P"]
[Site "Roanne"]
[Date "2011.10.22"]
[Round "3.3"]
[White "Barret, Hugo"]
[Black "Lempereur, Theo"]
[Result "0-1"]
[WhiteElo "1099"]
[BlackElo "1099"]
[PlyCount "38"]
[EventDate "2011.??.??"]

1. e4 e5 2. Nc3 Nf6 3. Nf3 Nc6 4. Bc4 Bc5 5. d3 O-O 6. O-O d6 7. Re1 Bg4 8. h3
Bxf3 9. gxf3 Nh5 10. a3 Qf6 11. b4 Bd4 12. b5 Bxc3 13. Rf1 Bxa1 14. d4 Bxd4 15.
f4 Ng3 16. Re1 exf4 17. e5 Qh4 18. Bd3 Qxh3 19. Be3 Qh1# 0-1

[Event "Championnats de la Loire jeunes 2011 - P"]
[Site "Roanne"]
[Date "2011.10.22"]
[Round "3.4"]
[White "Malchere, Lenny"]
[Black "Grischy, Quentin"]
[Result "0-1"]
[WhiteElo "1099"]
[BlackElo "1099"]
[PlyCount "88"]
[EventDate "2011.??.??"]

1. e4 c5 2. Nc3 d6 3. Nf3 a6 4. Bc4 e6 5. O-O Nf6 6. Qe2 d5 7. Bb3 c4 8. Ba4+
b5 9. d3 bxa4 10. Nxa4 Bd7 11. Nc3 cxd3 12. Qxd3 Bb4 13. exd5 Bxc3 14. Qxc3 Ne4
15. Qd4 Nf6 16. dxe6 Bxe6 17. Qa4+ Ke7 18. Ng5 Qc7 19. Nxe6 fxe6 20. Bf4 e5 21.
Rfe1 Nfd7 22. Qe4 Nc6 23. Qf3 Nd4 24. Qe3 Nxc2 25. Qe4 Nxe1 26. Qxe1 Rhf8 27.
Bg3 Rac8 28. Qe3 Rf5 29. Qe4 Rcf8 30. Bh4+ Ke6 31. Bg3 Nf6 32. Qe3 Rb8 33. Rc1
Ng4 34. Qd2 Qb6 35. Re1 Qxb2 36. Qd1 Nxf2 37. Bxf2 Qxf2+ 38. Kh1 Rd8 39. Qc1
Rdf8 40. h3 Qf1+ 41. Rxf1 Rxf1+ 42. Kh2 Rxc1 43. Kg3 Rc3+ 44. Kg4 e4 0-1

[Event "Championnats de la Loire jeunes 2011 - P"]
[Site "Roanne"]
[Date "2011.10.22"]
[Round "3.5"]
[White "Guillermin, Jules"]
[Black "Millet, Guillaume"]
[Result "0-1"]
[WhiteElo "1099"]
[BlackElo "1099"]
[PlyCount "50"]
[EventDate "2011.??.??"]

1. e4 e5 2. Bc4 Nf6 3. Nf3 Nc6 4. O-O d5 5. exd5 Nxd5 6. Bxd5 Qxd5 7. d4 Qd8 8.
Qe2 f6 9. dxe5 fxe5 10. Nxe5 Nxe5 11. Qxe5+ Be7 12. Re1 O-O 13. Qe2 Bb4 14. Rd1
Bc5 15. Rxd8 Rxd8 16. Bf4 Rf8 17. Qe4 Bf5 18. Qc4+ Kh8 19. Qxc5 Bg6 20. Na3
Rxf4 21. Re1 Rff8 22. Re6 Bf7 23. Re3 Rae8 24. Rxe8 Rxe8 25. Qf5 Re1# 0-1

[Event "Championnats de la Loire jeunes 2011 - P"]
[Site "Roanne"]
[Date "2011.10.22"]
[Round "3.6"]
[White "Jandeau, Kelvin"]
[Black "Riviere, Romain"]
[Result "1-0"]
[WhiteElo "1099"]
[BlackElo "1099"]
[PlyCount "81"]
[EventDate "2011.??.??"]

1. e4 e5 2. Qh5 g6 3. Qxe5+ Be7 4. Qxh8 Bf6 5. Qxg8+ Ke7 6. Qxd8+ Kxd8 7. Bc4
Nc6 8. Nf3 d6 9. O-O Bg4 10. Be2 Be6 11. Nc3 a5 12. d3 a4 13. Bh6 Ra5 14. Nd5
Bxd5 15. exd5 Rxd5 16. c4 Rh5 17. Be3 Bxb2 18. Rab1 Ba3 19. Rxb7 Kc8 20. Ra7
Kb8 21. Rxa4 Bb2 22. Ra6 Kb7 23. Ra4 Nd8 24. Rb4+ Kc8 25. Rxb2 c6 26. Rfb1 Rb5
27. Rxb5 cxb5 28. Rxb5 Kd7 29. a4 Ne6 30. a5 Ke7 31. a6 Nc7 32. Rb6 Nxa6 33.
Rxa6 Kf8 34. d4 Kg7 35. c5 dxc5 36. dxc5 Kg8 37. c6 Kg7 38. c7 Kg8 39. c8=Q+
Kg7 40. Qc3+ Kg8 41. Ra8# 1-0

[Event "Championnats de la Loire jeunes 2011 - P"]
[Site "Roanne"]
[Date "2011.10.22"]
[Round "3.7"]
[White "Granier, Thomas"]
[Black "Amaranto, Arthur"]
[Result "0-1"]
[WhiteElo "1099"]
[BlackElo "1260"]
[PlyCount "38"]
[EventDate "2011.??.??"]

1. d4 e6 2. d5 exd5 3. Nc3 Nf6 4. Nxd5 Nxd5 5. b4 Bxb4+ 6. Bd2 O-O 7. a3 Bxd2+
8. Kxd2 Qg5+ 9. Ke1 Nc3 10. f3 Nxd1 11. c3 Qd5 12. Rxd1 Qb3 13. Rb1 Qxb1+ 14.
Kf2 Re8 15. e3 Re6 16. Be2 Rd6 17. Bd1 Rxd1 18. Ne2 Rxh1 19. Nd4 Qe1# 0-1

[Event "Championnats de la Loire jeunes 2011 - P"]
[Site "Roanne"]
[Date "2011.10.22"]
[Round "4.1"]
[White "Thizy, Nicolas"]
[Black "Langle, Axelle"]
[Result "1-0"]
[WhiteElo "1099"]
[BlackElo "1230"]
[PlyCount "81"]
[EventDate "2011.??.??"]

1. e4 c5 2. c3 Nc6 3. Nf3 g6 4. Bb5 Qc7 5. Bxc6 Qxc6 6. O-O Bg7 7. c4 d6 8. Nc3
Nf6 9. Nd5 Qd7 10. Nxf6+ Bxf6 11. d3 O-O 12. Bg5 Bg7 13. d4 cxd4 14. Nxd4 Qc7
15. Nb5 Qxc4 16. Na3 Qxe4 17. Re1 Qc6 18. Bxe7 Re8 19. Rc1 Qb6 20. Nc4 Qb5 21.
Nxd6 Qd7 22. Nxe8 Qxe8 23. Bf6 Qb5 24. Qd8+ Bf8 25. Re8 Qxe8 26. Qxe8 h5 27.
Rxc8 Rxc8 28. Qxc8 b6 29. Bh8 a5 30. Kf1 b5 31. Ke2 a4 32. Kd3 b4 33. Kc4 b3
34. axb3 axb3 35. Kxb3 h4 36. Kc3 Kxh8 37. Qxf8+ Kh7 38. Qxf7+ Kh6 39. Kd4 h3
40. gxh3 Kg5 41. b4 1-0

[Event "Championnats de la Loire jeunes 2011 - P"]
[Site "Roanne"]
[Date "2011.10.22"]
[Round "4.2"]
[White "Avetikyan, Samuel"]
[Black "Poyet, Louis"]
[Result "0-1"]
[WhiteElo "1099"]
[BlackElo "1099"]
[PlyCount "39"]
[EventDate "2011.??.??"]

1. e4 e5 2. Nf3 Nc6 3. Nc3 Nf6 4. Bc4 Bc5 5. d3 h6 6. O-O d6 7. a3 Bg4 8. b4
Bd4 9. Qd2 Qe7 10. Nxd4 Nxd4 11. Nd5 Qd7 12. a4 O-O-O 13. g3 Be2 14. Re1 Bh5
15. Nxf6 gxf6 16. Ra2 Nf3+ 17. Kf1 Nxd2+ 18. Bxd2 Rhe8 19. Bxh6 Rh8 20. Bg7 0-1

[Event "Championnats de la Loire jeunes 2011 - P"]
[Site "Roanne"]
[Date "2011.10.22"]
[Round "4.3"]
[White "Grischy, Quentin"]
[Black "Millet, Guillaume"]
[Result "0-1"]
[WhiteElo "1099"]
[BlackElo "1099"]
[PlyCount "22"]
[EventDate "2011.??.??"]

1. d4 d5 2. Nf3 Nf6 3. c4 dxc4 4. Qa4+ Nc6 5. Qxc4 Be6 6. Qb5 a6 7. Qxb7 Na5 8.
Qb4 Nc6 9. Qb3 Bxb3 10. axb3 e6 11. Bf4 Bd6 0-1

[Event "Championnats de la Loire jeunes 2011 - P"]
[Site "Roanne"]
[Date "2011.10.22"]
[Round "4.4"]
[White "Lempereur, Theo"]
[Black "Jandeau, Kelvin"]
[Result "1-0"]
[WhiteElo "1099"]
[BlackElo "1099"]
[PlyCount "31"]
[EventDate "2011.??.??"]

1. e4 e5 2. Nf3 Nc6 3. Nc3 Nf6 4. Bc4 Bc5 5. d3 d6 6. O-O O-O 7. Bg5 Kh8 8. Nd5
Be6 9. Qd2 h6 10. Bxf6 gxf6 11. Qxh6+ Kg8 12. Nxf6+ Qxf6 13. Qxf6 Rfc8 14. Ng5
Kf8 15. Bxe6 Bd4 16. Qxf7# 1-0

[Event "Championnats de la Loire jeunes 2011 - P"]
[Site "Roanne"]
[Date "2011.10.22"]
[Round "4.5"]
[White "Amaranto, Arthur"]
[Black "Labrosse, Enzo"]
[Result "1-0"]
[WhiteElo "1260"]
[BlackElo "1099"]
[PlyCount "33"]
[EventDate "2011.??.??"]

1. e4 e5 2. Nf3 Nc6 3. Bc4 Nf6 4. d3 Nd4 5. Be3 Nxf3+ 6. Qxf3 c6 7. d4 d6 8.
dxe5 dxe5 9. O-O Bg4 10. Qg3 Be2 11. Bxe2 Nxe4 12. Qxe5+ Be7 13. Rd1 Qc8 14.
Qxe4 O-O 15. Bd3 Re8 16. Qxh7+ Kf8 17. Qh8# 1-0

[Event "Championnats de la Loire jeunes 2011 - P"]
[Site "Roanne"]
[Date "2011.10.22"]
[Round "4.6"]
[White "Riviere, Romain"]
[Black "Barret, Hugo"]
[Result "1/2-1/2"]
[WhiteElo "1099"]
[BlackElo "1099"]
[PlyCount "88"]
[EventDate "2011.??.??"]

1. e4 e5 2. Bd3 Nc6 3. Nf3 Nf6 4. O-O Bc5 5. Bc4 O-O 6. Ng5 Ng4 7. Qxg4 d5 8.
Bxd5 Bxg4 9. Re1 Qxg5 10. d3 Qd8 11. a4 Bb4 12. Re3 Bc5 13. Rg3 Qc8 14. Ra2 Be7
15. Be6 Qxe6 16. Ra3 Bxa3 17. Nxa3 h5 18. Nb5 h4 19. Re3 a6 20. Nxc7 Qh6 21.
Nxa8 Rxa8 22. h3 Be6 23. Rf3 Qxc1+ 24. Kh2 f5 25. c4 f4 26. b4 Nxb4 27. c5 Qb1
28. c6 bxc6 29. g4 Nxd3 30. g5 c5 31. g6 c4 32. a5 Qa2 33. Kg2 Ne1+ 34. Kf1
Nxf3 35. Kg2 Nd2 36. Kh2 Nxe4 37. Kg1 Qa1+ 38. Kg2 Bf5 39. Kh2 Bxg6 40. Kg2 Rb8
41. Kf3 Qb1 42. Ke2 Nxf2 43. Kd2 Qd3+ 44. Kc1 Ne4 1/2-1/2

[Event "Championnats de la Loire jeunes 2011 - P"]
[Site "Roanne"]
[Date "2011.10.22"]
[Round "4.7"]
[White "Guillermin, Jules"]
[Black "Malchere, Lenny"]
[Result "1-0"]
[WhiteElo "1099"]
[BlackElo "1099"]
[PlyCount "65"]
[EventDate "2011.??.??"]

1. e4 e5 2. Be2 Nf6 3. Nf3 Nc6 4. O-O Nxe4 5. d3 Nc5 6. Qd2 Ne6 7. d4 exd4 8.
Ng5 Nxg5 9. Qxg5 Be7 10. Qd5 O-O 11. Na3 d6 12. Bg5 Bxg5 13. Qb3 Na5 14. Qb5 a6
15. Qxa5 Qf6 16. Rad1 Bh4 17. Rxd4 Qxf2+ 18. Rxf2 Bxf2+ 19. Kxf2 c5 20. Rxd6
Bf5 21. Nc4 Rae8 22. Nb6 Re7 23. Bb5 c4 24. Bxc4 Rfe8 25. Nd7 Bxd7 26. b3 Re1
27. Rxd7 R8e3 28. Qd8+ Re8 29. Qc7 b5 30. Rd8 h5 31. Bd3 Kf8 32. Qd6+ Kg8 33.
Rxe8+ 1-0

[Event "Championnats de la Loire jeunes 2011 - P"]
[Site "Roanne"]
[Date "2011.10.23"]
[Round "5.1"]
[White "Millet, Guillaume"]
[Black "Thizy, Nicolas"]
[Result "0-1"]
[WhiteElo "1099"]
[BlackElo "1099"]
[PlyCount "56"]
[EventDate "2011.??.??"]

1. e4 e5 2. Nf3 Nc6 3. Nc3 Nf6 4. d3 Bb4 5. a3 Bxc3+ 6. bxc3 O-O 7. d4 d6 8.
Bb5 exd4 9. cxd4 Bd7 10. d5 Ne5 11. Bxd7 Qxd7 12. Nxe5 dxe5 13. O-O Nxe4 14. f3
Nc3 15. Qe1 Nxd5 16. f4 exf4 17. Bxf4 Nxf4 18. Rxf4 Rfe8 19. Rd1 Rxe1+ 20. Rxe1
Re8 21. Rxe8+ Qxe8 22. h3 Qe3+ 23. Kf1 Qxf4+ 24. Ke2 Kf8 25. c4 Qxc4+ 26. Kf2
Ke7 27. g4 Ke6 28. Ke1 Qa2 0-1